It looks like you're offline.
Open Library logo
additional options menu

MARC record from Internet Archive

LEADER: 02201cam 2200493Ia 4500
001 ocm00512033
003 OCoLC
005 20200324111055.0
008 721211t19581952nyuaf b 000 0 eng
010 $a 58005966
040 $aDLC$beng$cWSU$dSER$dEL$$dOCL$dBTCTA$dOCLCG$dCCV$dYDXCP$dSHS$dTULIB$dOCLCO$dOCLCF$dFDA$dP4I$dOCLCQ$dJVF$dTJF$dDDD$dOCLCQ$dCSJ$dOCLCQ
019 $a234146895$a957499531
020 $z9780394173924
020 $z0394173929
035 $a(OCoLC)512033$z(OCoLC)234146895$z(OCoLC)957499531
043 $aa-ja---
050 10 $aN7350$b.W3 1958
082 04 $a709.52
100 1 $aWarner, Langdon,$d1881-1955,$eauthor.
245 14 $aThe enduring art of Japan /$cLangdon Warner.
260 $aNew York :$bGrove Press, Inc.,$c[1958], ©1952.
300 $a113 pages, 62 unnumbered pages of plates :$billustrations ;$c21 cm.
336 $atext$btxt$2rdacontent
337 $aunmediated$bn$2rdamedia
338 $avolume$bnc$2rdacarrier
490 1 $aEvergreen books ;$vE-97
500 $a"An Evergreen Book E-97"--Page 4 of cover.
500 $aIncludes half-title page.
505 0 $aEarly Buddhism -- Shinto, Nurse of the Arts -- Fujiwara, 794-1185 -- Kamakura, 1185-1392 -- Ashikaga, 1392 -- 1568 -- The Great Decorators, 1573 -- 1750 -- Folk and Traditional Art -- The Transformation of Nature in Art -- Tea, Gardens, and Zen.
504 $aIncludes bibliographical references (page 111).
520 0 $aAn informal survey of the history and personalities, the culture and the religion of Japan from their beginnings through the middle of the 18th century, revealing the rich variety of arts and crafts that expressed the changing times.
650 0 $aArt$zJapan$xHistory.
650 7 $aArt.$2fast$0(OCoLC)fst00815177
651 7 $aJapan.$2fast$0(OCoLC)fst01204082
655 7 $aHistory.$2fast$0(OCoLC)fst01411628
830 0 $aEvergreen book ;$vE-97.
938 $aBaker and Taylor$bBTCP$nbl 99723887
938 $aYBP Library Services$bYANK$n337425
029 1 $aAU@$b000005471422
029 1 $aAU@$b000012624894
029 1 $aAU@$b000021771352
029 1 $aNZ1$b4356253
994 $aZ0$bP4A
948 $hNO HOLDINGS IN P4A - 416 OTHER HOLDINGS